Größte, zweitgrößte oder drittgrößte Stadt? - Bundesländer - Statistiken

Allgemein
  • Dieses Quiz wurde 165 mal gespielt
  • Das Durchschnittsergebnis liegt bei 30 aus 39
Antwortstatistiken
Hint Antwort % Korrekt
Frankfurt am Main 1.
97%
Stuttgart 1.
96%
München 1.
95%
Köln 1.
93%
Saarbrücken 1.
93%
Nürnberg 2.
91%
Rostock 1.
89%
Hannover 1.
89%
Kiel 1.
87%
Erfurt 1.
87%
Leipzig 1.
86%
Dessau-Roßlau 3.
86%
Potsdam 1.
85%
Augsburg 3.
84%
Lübeck 2.
81%
Dresden 2.
81%
Düsseldorf 2.
80%
Braunschweig 2.
79%
Oldenburg 3.
79%
Chemnitz 3.
79%
Wiesbaden 2.
77%
Mainz 1.
76%
Gera 3.
76%
Schwerin 2.
75%
Jena 2.
75%
Mannheim 2.
71%
Brandenburg an der Havel 3.
70%
Neubrandenburg 3.
69%
Dortmund 3.
69%
Kassel 3.
69%
Cottbus 2.
68%
Flensburg 3.
67%
Koblenz 3.
65%
Homburg 3.
64%
Ludwigshafen am Rhein 2.
58%
Magdeburg 1.
57%
Karlsruhe 3.
55%
Halle (Saale) 2.
47%
Neunkirchen 2.
47%
Keine übereinstimmenden Quizze gefunden
Verteilung der Resultate
Anzahl Personen mit jedem Resultat
Perzentil nach korrekt beantworteten Fragen
Ihre Resultats-Entwicklung
Sie haben dieses Quiz noch nicht gespielt